Lanean...
GENDER BIAS; AS A STAGNATION OF WOMEN STATUS AMONG KERALA TRIBE
| Egile nagusia: | |
|---|---|
| Formatua: | Printed Book |
| Argitaratua: |
Internatonal Journal of Gender Studies
2017
|
| Sarrera elektronikoa: | http://10.26.1.76/ks/008326.pdf |
| LEADER | 00459nam a2200121 4500 | ||
|---|---|---|---|
| 999 | |c 184233 |d 184229 | ||
| 100 | |a ABDUL MUNEER.K CHETTIPPADI |9 159313 | ||
| 245 | |a GENDER BIAS; AS A STAGNATION OF WOMEN STATUS AMONG KERALA TRIBE | ||
| 260 | |b Internatonal Journal of Gender Studies |c 2017 | ||
| 300 | |b Vol.1, Issue 1 No.1, pp 1 - 4, 2017 | ||
| 856 | |u http://10.26.1.76/ks/008326.pdf | ||
| 942 | |c KS | ||
| 952 | |0 0 |1 0 |4 0 |7 0 |9 182939 |a MGUL |b MGUL |d 2019-07-02 |l 0 |r 2019-07-02 |w 2019-07-02 |y KS | ||